00400pab a2200133 454500008004000000100001800040245009700058260000900155300001400164362001400178650003600192650001100228773002700239180718b1996 xxu||||| |||| 00| 0 eng d aMohan Rao, K. aPerspective of tribal culture with special reference to tribal communities of Andhra Pradesh c1996 ap.181-201 aApril-Jun aTribes - India - Andhra Pradesh aTribes aEastern Anthropologist